College Quizbowl Stats
College Quizbowl Stats
Circuits
Seasons
Sets
Records
Detailed Stats
About
Loading...
2023 ARCADIA at Carleton University
Tossups
Bonuses
Players
Teams
Categories (Tossup)
Categories (Bonus)
Mica Colman
Waterloo A
Categories
Category
Powers
Gets
Negs
BBs
Points
Earliest Buzz
Avg. Buzz
First Buzzes
Top 3 Buzzes
BPA
PVF
Beliefs
0
1
0
1
10
136
136.00
0
1
0.00
0.00
Other Academic
0
1
0
1
10
97
97.00
1
1
0.00
0.00
Social Science
0
1
0
1
10
139
139.00
0
1
0.00
0.00
0
1
0
0
10
75
75.00
1
1
0.00
0.00
Literature - European
0
0
1
0
-5
0.00
0
0
0.00
0.00
Buzzes
Category
Answer
Value
Buzz Position
Literature - European
Anton Chekhov
-5
72
symposia
10
75
Other Academic
steakhouses
10
97
Beliefs
bridges
10
136
Social Science
kinship
10
139
Previous
1
Next